Learning Resource and Development

Policy statements, january-february 2017 / (Record no. 32272)

MARC details
000 -LEADER
fixed length control field 02375nam a2200313 i 4500
003 - CONTROL NUMBER IDENTIFIER
control field CSPC
005 - DATE AND TIME OF LATEST TRANSACTION
control field 20260414090330.0
008 - FIXED-LENGTH DATA ELEMENTS--GENERAL INFORMATION
fixed length control field 260414c2017 ph r p i 00 0 eng d
022 ## - INTERNATIONAL STANDARD SERIAL NUMBER
International Standard Serial Number 2467-6004
040 ## - CATALOGING SOURCE
Original cataloging agency CSPC
Language of cataloging eng
Transcribing agency CSPC
Description conventions rda
245 00 - TITLE STATEMENT
Title Policy statements, january-february 2017 /
Statement of responsibility, etc. President Rodrigo Roa Duterte.
264 #1 - PRODUCTION, PUBLICATION, DISTRIBUTION, MANUFACTURE, AND COPYRIGHT NOTICE
Place of production, publication, distribution, manufacture Manila :
Name of producer, publisher, distributor, manufacturer Bureau of Communications Services,
Date of production, publication, distribution, manufacture, or copyright notice 2017.
300 ## - PHYSICAL DESCRIPTION
Extent volumes :
Other physical details illustrations ;
Dimensions 23 cm.
336 ## - CONTENT TYPE
Source rdacontent
Content type term text
337 ## - MEDIA TYPE
Source rdamedia
Media type term unmediated
338 ## - CARRIER TYPE
Source rdacarrier
Carrier type term volume
362 ## - DATES OF PUBLICATION AND/OR SEQUENTIAL DESIGNATION
Dates of publication and/or sequential designation 2017 Volume 26, Number 1
362 ## - DATES OF PUBLICATION AND/OR SEQUENTIAL DESIGNATION
Dates of publication and/or sequential designation 2017 Volume 26, Number 1
500 ## - GENERAL NOTE
General note Collection of official policy statements delivered January-February 2017.
504 ## - BIBLIOGRAPHY, ETC. NOTE
Bibliography, etc. note Includes bibliographical references.
505 0# - FORMATTED CONTENTS NOTE
Formatted contents note Mabuting pamamahala: ibigay sa taong bayan ang serbisyong walang bahid ng korapsyon -- foreign policy: taking a more active and more influential role in the community of nations -- foreign policy: bringing Philippines-Japan relations to even greater heights foreign relations: partnering for positive change and engaging the world with ASEAN community -- Foreign relations: collective economy, innovation-led growth and empowerment of women for an ever stronger ASEAN -- Good governance: the people's interest is always the government's priority -- Good governance: weed out corruption and provide enough electricity for countrywide development -- photo gallery -- security, peace and justice: commitment, competence, and professionalism for the welfare of the nation -- Economic development: foster economic growth and reduce poverty -- Good government: meaningful change that bears justice to the wisdom of our national hero -- Mabuting pamamahala: makatarungang pagtahas sa landas tungo sa kapayapaan -- Presidential Issuances -- Executive orders -- Memorandum circular -- Administrative order proclamations.
650 #4 - SUBJECT ADDED ENTRY--TOPICAL TERM
Topical term or geographic name entry element Executive power
Geographic subdivision Philippines.
General subdivision Periodicals.
650 #4 - SUBJECT ADDED ENTRY--TOPICAL TERM
Topical term or geographic name entry element Public administration
General subdivision Periodicals.
Geographic subdivision Philippines.
650 #4 - SUBJECT ADDED ENTRY--TOPICAL TERM
Topical term or geographic name entry element Political leadership
General subdivision Periodicals.
Geographic subdivision Philippines.
650 #4 - SUBJECT ADDED ENTRY--TOPICAL TERM
Topical term or geographic name entry element Government policy
General subdivision Periodicals.
Geographic subdivision Philippines.
700 #1 - ADDED ENTRY--PERSONAL NAME
Personal name Manalili, John S.,
Relator term editor in chief.
942 ## - ADDED ENTRY ELEMENTS (KOHA)
Source of classification or shelving scheme Dewey Decimal Classification
Suppress in OPAC No
Koha item type Serials
Classification part 320.9599
Item part P758
Call number prefix SER
Call number suffix 2017
Holdings
Withdrawn status Lost status Source of classification or shelving scheme Damaged status Not for loan Home library Current library Shelving location Date acquired Serial Enumeration / chronology Total Checkouts Full call number Barcode Date last seen Copy number Price effective from Koha item type Public note
    Dewey Decimal Classification   Not For Loan Main Library Main Library Serials 04/14/2026 January-February 2017 Volume 26, Number 1   SER GP 2 v.26 n.1 2017 01702S 04/14/2026 1-2 04/14/2026 Serials Government Publication
    Dewey Decimal Classification   Not For Loan Main Library Main Library Serials 04/14/2026 January-February 2017 Volume 26, Number 1   SER GP 2 v.26 n.1 2017 01711S 04/14/2026 2-2 04/14/2026 Serials Government Publication